000 01595nam a2200229Ia 4500
008 220216s9999 xx 000 0 und d
100 _aGhosh A K
245 0 _aEffect of modified carbon black on the properties of natural rubber vulcanizate
260 _bJournal of Applied Polymer Science
_c1997
300 _a683-693
520 _aRubber-grade carbon black filler HAF (N330) was modified with a plant product (PP; long aliphatic chain substituted phenols), proprietary item under patent application, in the presence or absence of hexamine (Hexa) or dicumyl peroxide (DCP) to put a flexible moiety in between the carbon black and the elastomer chain in order to improve some of its processing and reinforcement characteristics in natural rubber (NR). The modification process is simple and involves cheap materials. The modified carbon black was characterized and evaluated for its processability as well as reinforcing characteristics in NR vulcanizate. It was observed to show better processing behavior, without any processing aid, such as easy incorporation and uniform dispersion in the rubber phase without abnormal heat generation, and also improved vulcanizate properties, such as tensile strength, flex cracking resistance, and lower abrasion loss, without affecting other properties to a significant extent.
650 _aAbrasion loss
650 _aBound rubber
650 _aCarbon black modification
650 _aFlex cracking
650 _aHeat buildup
700 _aAdhikari B
700 _aMaiti S
700 _aMustafi S K
700 _aRay G S
942 _cJS
999 _c57963
_d57963